Szúlyoi hegység Rajecz Teplicz mellett : Sziklarész
Zobrazenie: Pohľad z výšky na priesmyk medzi skalnatými bralami, ktorým vedie cesta. Popri ceste vpravo sa vinie rieka. V popredí vľavo sú stromy. V diaľke je zalesnený kopec.
| Format: | Postcard |
|---|---|
| Language: | Hungarian German |
| PhysicalDescription: | 1 pohľadnica kolorovaná 9 x 14 cm |
| Published: |
Teschen
Autgr.-kiadja Feitzinger Ede
1905
|
| Subjects: |
MARC
| LEADER | 00000ckm a2200000 a 4500 | ||
|---|---|---|---|
| 001 | vtls001481073 | ||
| 003 | SK-MaSNL | ||
| 005 | 20260512123814.0 | ||
| 007 | kp ho | ||
| 008 | 230706s1905 xr g 0k|hun | ||
| 015 | |a SNBG1905 | ||
| 035 | |a SNK000436371 | ||
| 035 | |a urn:nbn:sk:snk-km3lte2 | ||
| 035 | |a 6FD23211-3A81-4AD8-9A4C-8256A2FD2094 | ||
| 035 | |a urn:nbn:sk:snk-km00dunz | ||
| 040 | |a SNK |b slo |c SNK |e AACR2 | ||
| 041 | 0 | |a hun |a ger | |
| 043 | |a e-xo--- | ||
| 044 | |a xr |c CZ | ||
| 072 | 7 | |a 908(437) |x Vlastiveda Česka a Slovenska |2 konspekt | |
| 080 | |a 908(437.6) |2 2011 | ||
| 080 | |a (084.121) |2 2011 | ||
| 080 | |a 551.435.4 |2 2011 | ||
| 245 | 0 | 0 | |a Szúlyoi hegység |h grafika |b Rajecz Teplicz mellett : Sziklarész |
| 246 | 3 | 1 | |a Das Sulover Gebirge bei Rajecz Teplicz |b Felspartie |
| 260 | |a Teschen |b Autgr.-kiadja Feitzinger Ede |c 1905 | ||
| 300 | |a 1 pohľadnica |b kolorovaná |c 9 x 14 cm | ||
| 500 | |a Názvové údaje prevzaté z obrazovej časti pohľadnice | ||
| 500 | |a Na adresnej časti pohľadnice uvedené: "No. 971" | ||
| 520 | 8 | |a Zobrazenie: Pohľad z výšky na priesmyk medzi skalnatými bralami, ktorým vedie cesta. Popri ceste vpravo sa vinie rieka. V popredí vľavo sú stromy. V diaľke je zalesnený kopec. | |
| 650 | 0 | 7 | |a skalné útvary |2 SNKPH |9 115197 |
| 651 | 7 | |a Súľovské skaly (Súlovské vrchy, Slovensko) |2 SNKPHgeo |9 185959 | |
| 655 | 7 | |a geografické pohľadnice |2 SNKPH |9 70522 | |
| 655 | 7 | |a historické pohľadnice |2 SNKPH |9 159703 | |
| 752 | |a Česko |d Český Tešín | ||
| 852 | |a Slovenská národná knižnica | ||
| 958 | |a GBN | ||
| 958 | |a GC | ||
| 958 | |a ONDV | ||
| 999 | |c 784692 |d 786622 | ||
| 952 | |t P60, <03>, [BOOK], {603} |a SNK |b SNK |y PREZ |7 0 |p 17A0440767 |o snkSP 5010 |0 0 |1 0 |4 0 |d 2004-09-02 |f 1 |l 0 |r 2005-01-02 00:00:00 |w 2026-02-24 | ||


